Manufacturing technology : (Record no. 163358)

MARC details
000 -LEADER
fixed length control field 00542nam a22001817a 4500
005 - DATE AND TIME OF LATEST TRANSACTION
control field 20190411120643.0
010 ## - LCCN (DPL NO)
LC control number B-163757
020 ## - INTERNATIONAL STANDARD BOOK NUMBER
International Standard Book Number 8125918701
Terms of availability 125.00
035 ## - SYSTEM CONTROL NUMBER
System control number B-163757
037 ## - SOURCE OF ACQUISITION
Source of stock number/acquisition Vikas Publishing House Pvt. Ltd.
082 ## - DEWEY DECIMAL CLASSIFICATION NUMBER
Classification number 670
100 ## - MAIN ENTRY--PERSONAL NAME
Personal name Jeyapoovan, T
245 ## - TITLE STATEMENT
Title Manufacturing technology :
Remainder of title lab manual /
Statement of responsibility, etc T. Jeyapoovan {and} S. Sundaram
260 ## - PUBLICATION, DISTRIBUTION, ETC. (IMPRINT)
Place of publication, distribution, etc New Delhi
Name of publisher, distributor, etc vikas Publishing House Pvt. Ltd.
Date of publication, distribution, etc 2005
300 ## - PHYSICAL DESCRIPTION
Extent 142p.
Dimensions 23cm(pbk)
700 ## - ADDED ENTRY--PERSONAL NAME
Personal name sundaram, S
942 ## - ADDED ENTRY ELEMENTS (KOHA)
Source of classification or shelving scheme Dewey Decimal Classification
Item type English Books
Classification part 670
Call number suffix JEY
Holdings
Withdrawn status Lost status Not for loan Collection code Home library Current library Date acquired Full call number Barcode Koha item type
      Non-fiction Sarojini Nagar Sarojini Nagar 11/04/2019 670 JEY B-163757 English Books

© Delhi Public Library
Hit Counter
free hit counter